कम्प्यूटर : एक क्रमिक विकास (Record no. 1080)
[ view plain ]
| 000 -LEADER | |
|---|---|
| fixed length control field | 01207 a2200217 4500 |
| 005 - DATE AND TIME OF LATEST TRANSACTION | |
| control field | 20080904110058.0 |
| 008 - FIXED-LENGTH DATA ELEMENTS--GENERAL INFORMATION | |
| fixed length control field | 080904t xxu||||| |||| 00| 0 hin d |
| 010 ## - LIBRARY OF CONGRESS CONTROL NUMBER | |
| LC control number | HIN-78972 |
| 020 ## - INTERNATIONAL STANDARD BOOK NUMBER | |
| International Standard Book Number | 8190217690 |
| Terms of availability | 125.00 |
| 035 ## - SYSTEM CONTROL NUMBER | |
| System control number | HN-51319 |
| 037 ## - SOURCE OF ACQUISITION | |
| Source of stock number/acquisition | D.B.Act / pub |
| 082 ## - DEWEY DECIMAL CLASSIFICATION NUMBER | |
| Classification number | 004.1 |
| 100 ## - MAIN ENTRY--PERSONAL NAME | |
| Personal name | शर्मा, पवित्र कुमार |
| 245 ## - TITLE STATEMENT | |
| Title | कम्प्यूटर : एक क्रमिक विकास |
| Statement of responsibility, etc | पवित्र कुमार शर्मा |
| 246 ## - VARYING FORM OF TITLE | |
| Title proper/short title | Computer ; ek kramic vikas |
| Remainder of title | by Pavitra Kumar Sharma |
| 260 ## - PUBLICATION, DISTRIBUTION, ETC. (IMPRINT) | |
| Place of publication, distribution, etc | दिल्ली |
| Name of publisher, distributor, etc | विक्रांत पब्लिशिंग हाउस |
| Date of publication, distribution, etc | 2006 |
| 270 ## - ADDRESS | |
| Address | 30/35-36,ग्राउन्ड फ्लोर,गली नं.9,विश्वास नगर,शाहदरा |
| City | दिल्ली |
| Postal code | 110032 |
| 300 ## - PHYSICAL DESCRIPTION | |
| Extent | vi,112पृ |
| Dimensions | 22 सेमी (सजिल्द) |
| Other physical details | सचित्र |
| 942 ## - ADDED ENTRY ELEMENTS (KOHA) | |
| Institution code [OBSOLETE] | dpl |
| Koha item type | Hindi Books |
| Call number prefix | 004.1 / शर्माप |
| Source of classification or shelving scheme | Dewey Decimal Classification |
| Classification part | 004.1 |
| Call number suffix | शर्माप |
| Withdrawn status | Lost status | Damaged status | Not for loan | Collection code | Home library | Current library | Date acquired | Cost, normal purchase price | Total Checkouts | Full call number | Barcode | Date last seen | Copy number | Uniform Resource Identifier | Cost, replacement price | Price effective from | Koha item type |
|---|---|---|---|---|---|---|---|---|---|---|---|---|---|---|---|---|---|
| Not For Loan | Non-fiction | D.B.Act.Division | D.B.Act.Division | 04/09/2008 | 125.00 | 004.1 शर्माप | HN-51319 | 15/09/2008 | 1 | 1145 | 125.00 | 15/09/2008 | Hindi Books |
